| 000 | 00862nam a22002177a 4500 | ||
|---|---|---|---|
| 999 |
_c2153 _d2153 |
||
| 003 | AR-CdUCM | ||
| 008 | 190304b ||||| |||| 00| 0 spa d | ||
| 040 |
_aMUNICIPALIDAD PROVINCIAL DEL CUSCO _cBIBLIOTECA MUNICIPAL DEL CUSCO |
||
| 082 |
_a347 / _bF64 |
||
| 100 |
_aFlores Polo, Pedro _93159 |
||
| 245 |
_aCódigo de comercio : _bComentarios concordancias jurisprudencia / |
||
| 260 |
_aLima : _bCultural Cuzco, _c1987. |
||
| 300 |
_a646 páginas ; _c20 cm. |
||
| 505 | _aLos comerciantes y el comercio en general -- Ley de sociedades mercantiles -- Ley de títulos -- Del comercio marítimo -- De la suspención de pagos y las quiebras... | ||
| 650 |
_aLey de títulos. _97774 |
||
| 650 |
_aCodigo de comercio. _97775 |
||
| 650 |
_aComercio marítimo. _97776 |
||
| 650 |
_aLey procesal de quiebras. _97777 |
||
| 942 |
_2ddc _cLIBROS |
||
| 945 |
_awfj _d2019-03-04 |
||